000 00383nam a2200133Ia 4500
008 230917s9999||||xx |||||||||||||| ||und||
040 _e169254
_aMAIN
041 _aEnglish
082 _a373 A55I
100 _aAnita
245 0 _aImpact of parenting techniques on emotional stability, self confidence and achivement of secondary school students
300 _a235 p.
942 _cTH
999 _c125349
_d125349